000
00390nam a22001577a 4500
003
MPLRDC
005
20220104124338.0
008
210129b ||||| |||| 00| 0 eng d
082
_a
738.6262 XL c.2
100
_a
不详
245
_a
我要活下去
_c
260
_a
_b
星报出版有限公司
_c
1983
300
_b
平
650
_a
东南亚--马来西亚
942
_c
BK
_o
738.6262 XL c.2
999
_c
18600
_d
18590